000
00255nam a2200109Ia 4500
008
190216s9999||||xx |||||||||||||| ||und||
100
_a
Gupta B N
245
0
_a
Statistical Theory And Practice
260
_b
S Chand & Co
_c
1987
300
_a
918p
942
_c
BK
999
_c
4934
_d
4934